• 首页
  • 本馆介绍
  • 公告通知
  • 最新文献
  • 馆藏检索
  • 电子资源
  • 读者导购
  • 参考咨询
  • 我的图书馆
  • 登录
  • 详细信息显示
  • 放入我的书架
  • 预约/预借图书
  • 作者相关作品
  • 分类相关作品
  • 丛书相关作品
  • 出版社相关作品

书目信息

  • 表格格式
  • 工作单格式
  • 卡片格式
题名:
中国铁路旅客服务手册
    
 
作者: 本书编委会编
分册:  
出版信息: 北京   中国铁道出版社  2007.04
页数: 90页
开本: 29cm
丛书名:
单 册:
中图分类: U293.3-62 , K928.9
科图分类:
主题词: 铁路运输--旅客运输--中国--手册 , 导游--中国 , 铁路运输 , 旅客运输 , 导游
电子资源:
ISBN: 7-113-06210-5
000 01114nam0 2200301 450
001 002900532
005 20050727084846.0
010    @a7-113-06210-5@dCNY15.00
100    @a20050616d2007 em y0chiy0110 ea
101 0  @achi
102    @aCN@b110000
105    @aa z 000yy
106    @ar
200 1  @a中国铁路旅客服务手册@Azhong guo tie lu lv ke fu wu shou ce@e乌鲁木齐分册(T52/T53、T54/T51、T192/T193、T194/T191、K541/K544、K542/543)@f本书编委会编
210    @a北京@c中国铁道出版社@d2007.04
215    @a90页@c彩照,图@d29cm
330    @a本书包括列车风采,换乘时刻,城市之窗,沿线商机、旅行服务、广告招商等七部分该车途径城市的旅游景点进行了介绍。
517 1  @a乌鲁木齐分册(T52/T53、T54/T51、T192/T193、T194/T191、K541/K544、K542/543)@Awu lu mu qi fen ce(T52/T53、T54/T51、T192/T193、T194/T191、K541/K544、K542/543)
606 0  @a铁路运输@x旅客运输@y中国@j手册
606 0  @a导游@y中国
606 0  @a铁路运输
606 0  @a旅客运输
606 0  @a导游
690    @aU293.3-62@v4
690    @aK928.9@v4
801  0 @aCN@bJiuFeng@c20050728
905   @aBZT@dU293.3-62@e2@f9
906    @dCNY15.00@n0@r1
    
    中国铁路旅客服务手册:乌鲁木齐分册(T52/T53、T54/T51、T192/T193、T194/T191、K541/K544、K542/543)/本书编委会编.-北京:中国铁道出版社,2007.04
    90页:彩照,图;29cm
    
    
    ISBN 7-113-06210-5:CNY15.00
    本书包括列车风采,换乘时刻,城市之窗,沿线商机、旅行服务、广告招商等七部分该车途径城市的旅游景点进行了介绍。
●
相关链接 在五车中查询图书 在当当中查询图书 在豆瓣中查询图书


正题名:中国铁路旅客服务手册     索取号:U293.3-62/2         预约/预借

序号 登录号 条形码 馆藏地/架位号 状态 备注
1 748869   2000748869   中心书库北库/ 北库040架A面4列7层28/ [索取号:U293.3-62/2] 在馆    
2 748870   2000748870   中心书库北库/ 北库040架A面4列7层29/ [索取号:U293.3-62/2] 在馆    
3 748871   2000748871   中心书库北库/ 北库040架A面4列7层30/ [索取号:U293.3-62/2] 在馆    
4 748872   2000748872   中心书库北库/ 北库040架A面4列7层27/ [索取号:U293.3-62/2] 在馆    
5 748873   2000748873   中心书库北库/ 北库040架A面4列7层31/ [索取号:U293.3-62/2] 在馆    
6 748874   2000748874   中心书库北库/ 北库040架A面4列7层32/ [索取号:U293.3-62/2] 在馆    
7 748875   2000748875   中心书库北库/ 北库040架A面4列7层33/ [索取号:U293.3-62/2] 在馆    
8 748876   2000748876   中心书库北库/ 北库040架A面4列7层34/ [索取号:U293.3-62/2] 在馆    
9 748877   2000748877   中心书库北库/ 北库040架A面4列7层12/ [索取号:U293.3-62/2] 在馆    
山东省滨州职业学院图书馆 欢迎您!
大连网信软件有限公司© 版权所有